LEADER 01082nam a2200265 i 4500 001 000000078287 003 CaOOAMICUS 005 20161019000000.0 008 161019s1968 it u000 u ita u 013 $a50524 040 $aSeMil$bita 100 1 $aKüng, Hans,$d<1928-2021>.$0(OLS)http://semarc/name/175 240 10$aGott und das Leid.$0(OLS)http://semarc/title/126660 245 10$aDio e il dolore /$cHans Kung. 260 $aBrescia :$bQueriniana,$ccopyr. 1968. 300 $a74 p. ;$c21 cm. 490 0 $aMeditazioni teologiche. 2. ser. ;$v13 650 4$aSofferenza - Teologia.$0(OLS)http://semarc/subject/9100 650 4$aDolore - Comunitŕ cristiana.$0(OLS)http://semarc/subject/15901 830 0$aMeditazioni teologiche. 2. ser. ;$v13.$0(OLS)http://semarc/title/267 850 $aSeMil 852 $aSeMil$W1$xVenegono$y1$m2C VII 277$j267535$B44240$CSeMilBibl$Z2$F45883 $81 961 $aRecupero: Seminario di Seveso 996 $6245$aDio e il dolore$9(OLS)http://semarc/title/126659 996 $6260$aBrescia :$bQueriniana$9(OLS)http://semarc/publisher/29615 LEADER 01257nam a2200301 i 4500 001 000000121519 003 CaOOAMICUS 005 20031223000000.0 008 031223s1986 it u000 u ita u 013 $a94214 020 $a88-18-12037-9 040 $aSeMil$bita 100 1 $aGuitton, Jean,$d<1901-1999>.$0(OLS)http://semarc/name/848 240 10$aDialogues avec Paul 6.$0(OLS)http://semarc/title/88421 245 10$aDialoghi con Paolo 6. /$cJean Guitton ; traduzione dal francese di Maria Luisa Mazzini. 260 $aMilano :$bRusconi,$c1986. 300 $a309 p., [12] p. di tav. ;$c22 cm. 500 $aFondo Card. C.M. Martini. 600 04$aPaolo VI .$0(OLS)http://semarc/subject/713 650 4$aGuitton, Jean <1901-1999> - Interviste.$0(OLS)http://semarc/subject/11481 700 1 $aMazzini, Maria Luisa.$0(OLS)http://semarc/name/28812 850 $aSeMil 852 $aSeMil$W1$xVenegono$y1$m3A II 5$j76592$B76592$CSeMilBibl$Z2$F78428 $81 941 1 $a4 961 $aOmaggio: Martini Card. Carlo Maria 996 $6020$a88-18-12037-9$9(OLS)http://semarc/number/79287 996 $6245$aDialoghi con Paolo 6.$9(OLS)http://semarc/title/88420 996 $6260$aMilano :$bRusconi$9(OLS)http://semarc/publisher/30258